000 00420nam a2200157Ia 4500
008 240729s9999 xx 000 0 und d
022 _a2069-6078
245 0 _aRomanian Journal of Stomatology
260 _aRomania
260 _bAmaltea Medical Publishing House
650 _a Dentistry
650 _aMedicine
856 _uhttps://doaj.org/toc/1d5e67011137423195f970b597b5651e
942 _2ddc
942 _cDOAJEJ
999 _c67078
_d67078
945 _a1
_bMadushi Gamage
_c1
_dMadushi Gamage